000 00701namaa2200205 i 4500
001 173515
003 ES-MaACL
005 20230906215248.0
008 091203s1975 sp | |||| ||spa d
020 _a84-400-8901-5
040 _aSpMaBN
_bspa
_cSIC
080 4 _a914.601.86
100 1 _aMoreno y Moreno, Miguel.
_9205859
245 1 0 _aGalería de estampas y costumbres
_b: por los pueblos sorianos... /
_cMiguél Moreno y Moreno.
260 0 _aSoria :
_b[s.n.],
_c1975 (
_eSoria :
_fTalleres tipográficos Urbión)
300 _a391 p. :
_bil. ;
_c22 cm.
651 4 _aSoria (Provicia)-
_xDescripción.
_99408
852 _aES-MaACL
_jE-13223
_z.- Donativo doctor Calles
999 _c173515
_d173515